000 00791nas a2200253 i 4500
001 2406
003 ES-MaACL
005 20251124151618.0
007 t|
008 950801d18601890gw | | 1 ||er d
080 _a159.9
245 0 0 _aZeitschrift für Völkerpsychologie und Sprachwissenschaft. /
_cherausgegeben von M. Lazarus und H. Steinthal.
260 _aBerlin :
_bFerd. Dümmler,
_c1860-1890 (
_fA.W. Schade)
300 _a14 v. ;
_c23 cm.
310 _aIrregular
362 0 _a1. Bd. (1860)-20. Bd. (1890)
650 1 7 _aFilosofía
_2embne
_912802
650 1 7 _aPsicología
_2embne
_916540
700 1 _aLazarus, Moritz,
_d1824-1903
_970814
700 1 _aSteinthal, Heymann (
_d1823-1899)
_9132894
852 _aES-MaACL
_jHem-351
866 0 _o1860-83.
999 _c2406
_d2406